Introducción a la tecnología de la azucar de caña

Bibliographic Details
Main Author: Jenkins, G.H
Format: Section = Libro
Language:Undetermined
Spanish
Published: Lahabana Edición Revolucionaria 1988
Subjects:
LEADER 00694nam a2200217Ia 4500
008 240830s9999 xx 000 0 und d
040 |a CEDOC FIQ-RUSB / 664.122 J52 
041 |a spa 
082 |a 664.122 J52 
100 1 |a Jenkins, G.H 
245 1 0 |a Introducción a la tecnología de la azucar de caña 
260 |a Lahabana  |b Edición Revolucionaria  |c 1988 
300 |a 589 p. :il 
650 7 |a AZUCAR DE CAÑA - MANUAL 
650 7 |b  PROCESOS DE FABRICACION DE LA CAÑA 
650 7 |c  EXTRACCION Y PURIFICACION 
650 7 |d  CRISTALIZACION - PRODUCCION DE CAÑA 
650 7 |e  PRUEBAS, ANALISIS, CONTROLES DE CALIDAD, CAÑA DE AZUCAR 
942 |c BK  |2 ddc 
991 |a TEXTO 
999 |c 13170